Trazas, proyectos y diseños de la edad moderna en Burgos en el Archivo Histórico Provincial, 1575-1802 / (Record no. 192969)
[ view plain ]
| 000 -LEADER | |
|---|---|
| campo de control de longitud fija | 01540nam a2200361 i 4500 |
| 001 - NÚMERO DE CONTROL | |
| campo de control | 192969 |
| 003 - IDENTIFICADOR DE NÚMERO DE CONTROL | |
| campo de control | ES-MaACL |
| 005 - FECHA Y HORA DE LA ÚLTIMA TRANSACCIÓN | |
| campo de control | 20240526062942.0 |
| 007 - CAMPO FIJO DE DESCRIPCIÓN FÍSICA--INFORMACIÓN GENERAL | |
| campo de control de longitud fija | ta |
| 008 - DATOS DE LONGITUD FIJA--INFORMACIÓN GENERAL | |
| campo de control de longitud fija | 230713b2022 sp ||||| |||| 00| 0 spa d |
| 017 ## - NÚMERO DE COPYRIGHT O DE DEPÓSITO LEGAL | |
| Número de copyright o de depósito legal | BU 312-2022 |
| Agencia que asigna | Oficina Depósito Legal Burgos |
| 020 ## - NÚMERO INTERNACIONAL ESTÁNDAR DEL LIBRO | |
| Número Internacional Estándar del Libro | 9788409470532 |
| 040 ## - FUENTE DE CATALOGACIÓN | |
| Lengua de catalogación | spa |
| Centro/agencia transcriptor | ES-MaACL |
| 080 ## - NÚMERO DE LA CLASIFICACIÓN DECIMAL UNIVERSAL | |
| Identificador de la edición | 930.255(460.182) |
| 080 ## - NÚMERO DE LA CLASIFICACIÓN DECIMAL UNIVERSAL | |
| Identificador de la edición | 72.036(460.182)"15/18" |
| 100 1# - ENTRADA PRINCIPAL--NOMBRE DE PERSONA | |
| Nombre de persona | Payo Hernanz, René Jesús, |
| Fechas asociadas al nombre | 1966- |
| 9 (RLIN) | 233700 |
| Término indicativo de función/relación | Autor |
| 245 10 - MENCIÓN DEL TÍTULO | |
| Título | Trazas, proyectos y diseños de la edad moderna en Burgos en el Archivo Histórico Provincial, 1575-1802 / |
| Mención de responsabilidad, etc. | René Jesús Payo Hernanz, María José Zaparaín Yáñez. |
| 260 ## - PUBLICACIÓN, DISTRIBUCIÓN, ETC. | |
| Lugar de publicación, distribución, etc. | Burgos : |
| Nombre del editor, distribuidor, etc. | Junta Castilla y León : |
| -- | Cátedra de Estudios del Patrimonio Artístico Alberto C. Ibáñez, |
| Fecha de publicación, distribución, etc. | 2022. |
| 300 ## - DESCRIPCIÓN FÍSICA | |
| Extensión | 494 páginas : |
| Otras características físicas | ilustraciones (blanco y negro y color) ; |
| Dimensiones | 28 cm. |
| 336 ## - TIPO DE CONTENIDO | |
| Fuente | rdacontent |
| Término de tipo de contenido | Texto |
| 337 ## - TIPO DE MEDIO | |
| Fuente | rdamedia |
| Nombre/término del tipo de medio | sin mediación |
| 338 ## - TIPO DE SOPORTE | |
| Fuente | rdacarrier |
| Nombre/término del tipo de soporte | volumen |
| 500 ## - NOTA GENERAL | |
| Nota general | Índices |
| 504 ## - NOTA DE BIBLIOGRAFÍA, ETC. | |
| Nota de bibliografía, etc. | Bibliografía: páginas 449-467 |
| 610 2# - PUNTO DE ACCESO ADICIONAL DE MATERIA--NOMBRE DE ENTIDAD CORPORATIVA | |
| Nombre de entidad corporativa o nombre de jurisdicción como elemento de entrada | Archivo Histórico Provincial de Burgos |
| 9 (RLIN) | 233706 |
| 650 #4 - PUNTO DE ACCESO ADICIONAL DE MATERIA--TÉRMINO DE MATERIA | |
| Término de materia o nombre geográfico como elemento de entrada | Arquitectura- |
| 9 (RLIN) | 9988 |
| Subdivisión geográfica | Burgos (Provincia) |
| 700 1# - ENTRADA AGREGADA--NOMBRE PERSONAL | |
| Nombre de persona | Zaparaín Yáñez, María José, |
| Fechas asociadas al nombre | 1963- |
| 9 (RLIN) | 233704 |
| Término indicativo de función/relación | Autor |
| 710 ## - ENTRADA AGREGADA--NOMBRE DE ENTIDAD CORPORATIVA | |
| Nombre de entidad corporativa o nombre de jurisdicción como elemento de entrada | Universidad de Burgos. |
| Unidad subordinada | Cátedra de Estudios del Patrimonio Artístico Alberto C. Ibáñez |
| 9 (RLIN) | 233705 |
| Término indicativo de función/relación | Editor |
| 852 ## - LOCALIZACIÓN | |
| Ubicación | ES-MaACL |
| Sublocalización o colección | R. 154472 |
| Ubicación en estantería | Depósito J |
| Donativo/Legado | Donación: Editorial |
| Número de control de estantería | N-8497 |
| itemnumber | 200271 |
| 942 ## - ELEMENTOS DE ENTRADA SECUNDARIOS (KOHA) | |
| Suprimir en OPAC | No |
| Tipo de ítem Koha | Libro impreso |
| Estatus retirado | Estado de pérdida | Fuente del sistema de clasificación o colocación | Estado de daño | No para préstamo | Biblioteca de origen | Biblioteca actual | Ubicación en estantería | Fecha de adquisición | Fuente de adquisición | Total de préstamos | Signatura topográfica completa | Código de barras | Visto por última vez | Tipo de ítem Koha |
|---|---|---|---|---|---|---|---|---|---|---|---|---|---|---|
| Clasificación decimal universal | Biblioteca del Ateneo de Madrid | Biblioteca del Ateneo de Madrid | Depósito J | 09/06/2023 | Donación | N-8497 | 101205564 | 13/07/2023 | Libro impreso |
